[Event "World Blitz 2023"]
[Site "Samarkand UZB"]
[Date "2023.12.30"]
[Round "21.12"]
[White "Chigaev, Maksim"]
[Black "Anton Guijarro, David"]
[Result "0-1"]
[WhiteElo "2561"]
[BlackElo "2616"]
[EventDate "2023.12.29"]

1. Nf3 d5 2. g3 e6 3. Bg2 b5 4. O-O Nf6 5. d4 Be7 6. Bg5 O-O 7. Bxf6 Bxf6
8. c3 a5 9. Nbd2 Na6 10. e4 Bb7 11. Re1 c5 12. e5 Be7 13. h4 b4 14. Bf1 c4
15. Re3 Nc7 16. Nh2 a4 17. cxb4 Bxb4 18. a3 Be7 19. Qh5 Nb5 20. Ndf3 Bc6
21. Be2 Be8 22. Qg4 Qa5 23. Bd1 Rb8 24. Bc2 c3 25. bxc3 Nxc3 26. Ng5 h6 27.
Nxe6 fxe6 28. Qxe6+ Rf7 29. Qg6 Ne4 30. Rxe4 dxe4 31. Bxe4 Kf8 32. Qh7 Bxh4
33. gxh4 Qd2 34. Rf1 Qf4 35. Bg6 Ke7 36. Bxf7 Bxf7 37. Qd3 Qxh4 38. Qc3 Rd8
39. Qc5+ Ke8 40. Qc6+ Kf8 41. Qc5+ Kg8 42. Kh1 Bd5+ 43. f3 Bf7 44. Rg1 Qxd4
45. Qe7 Re8 46. Qd6 Qxe5 47. Qxh6 Bd5 48. Qh3 Rf8 49. Qg4 Qc3 50. Rg3 Rf7
51. Kg2 Qb2+ 52. Kh3 Qxa3 53. Qg5 Qd6 54. Ng4 Be6 55. Kh4 Bxg4 56. Qxg4 Rf4
0-1

[Event "World Blitz 2023"]
[Site "Samarkand UZB"]
[Date "2023.12.30"]
[Round "21.13"]
[White "Esipenko, Andrey"]
[Black "Bocharov, Dmitry"]
[Result "1-0"]
[WhiteElo "2615"]
[BlackElo "2482"]
[EventDate "2023.12.29"]

1. e4 c5 2. Nf3 d6 3. Bb5+ Nd7 4. O-O a6 5. Bxd7+ Bxd7 6. c3 Nf6 7. Re1 Bg4
8. d4 e6 9. h3 Bh5 10. Nbd2 cxd4 11. cxd4 Be7 12. Qb3 b5 13. Nf1 O-O 14.
Ng3 Bg6 15. Bd2 d5 16. Ne5 Nxe4 17. Nxe4 Bxe4 18. Nc6 Qd7 19. Nxe7+ Qxe7
20. Bb4 Qg5 21. f3 Bf5 22. Bxf8 Bxh3 23. Re2 Rxf8 24. Qe3 Qg6 25. Kh2 Bf5
26. g4 Bb1 27. Re1 Bc2 28. Rac1 b4 29. Qd2 b3 30. axb3 Bxb3 31. Rc7 h6 32.
Qe3 Bc4 33. Qf4 Qc2+ 34. Kg3 Qxb2 35. Rh1 Qb8 36. Rxf7 Qxf4+ 37. Rxf4 Ra8
38. g5 hxg5 39. Rg4 a5 40. Ra1 a4 41. Ra3 Bb3 42. Rxg5 Rc8 43. Kf4 Kf7 44.
Ra1 Rc4 45. Rag1 Ke7 46. Ke5 Kd7 47. Rxg7+ Kc6 48. R1g6 Rc3 49. Rxe6+ Kb5
50. Rb7+ Ka5 51. f4 a3 52. Ra7+ Kb5 53. Rxa3 Kb4 54. Ra7 Rh3 55. Rb7+ Kc3
56. Rc6+ Bc4 57. f5 Re3+ 58. Kd6 Kxd4 59. f6 Rf3 60. f7 Rf6+ 61. Ke7 Rf5
62. Rf6 1-0

[Event "World Blitz 2023"]
[Site "Samarkand UZB"]
[Date "2023.12.30"]
[Round "21.14"]
[White "Suleymanli, Aydin"]
[Black "Ponomariov, Ruslan"]
[Result "0-1"]
[WhiteElo "2553"]
[BlackElo "2613"]
[EventDate "2023.12.29"]

1. c4 c6 2. d4 Nf6 3. Nc3 d5 4. e3 Bf5 5. Nf3 e6 6. Nh4 Be4 7. f3 Bg6 8.
Qb3 Qc7 9. Bd2 a5 10. Rc1 Nbd7 11. g3 Be7 12. cxd5 Nxd5 13. Nxd5 exd5 14.
Qxd5 Qd8 15. Qb3 Bxh4 16. gxh4 Qxh4+ 17. Kd1 O-O 18. Qxb7 Nf6 19. Qxc6 h6
20. Qd6 Rac8 21. Rxc8 Rxc8 22. Qg3 Qh5 23. Qh3 Rb8 24. b3 Qd5 25. Bc4 Qc6
26. Rg1 Kh7 27. e4 a4 28. Qg3 Ra8 29. Qe5 axb3 30. Bxb3 Qa6 31. Qf4 Qd3 32.
Qe3 Qb5 33. Bc3 Rc8 34. Kd2 Qh5 35. Rg2 Qh3 36. Re2 Bh5 37. Rf2 Nd7 38. f4
Qg4 39. h3 Qg1 40. Qe1 Qg3 41. Qe3 Qxe3+ 42. Kxe3 Rxc3+ 43. Kd2 Rxh3 44. e5
Rh1 45. f5 Rb1 46. Kc3 Rc1+ 47. Kb4 Kg8 48. e6 Nf6 49. d5 Ne4 50. e7 Rc8
51. Rf4 Rb8+ 52. Kc4 Nd6+ 53. Kc5 Ne8 54. d6 Rc8+ 55. Kd5 Nf6+ 56. Ke5 Rc5+
57. Kd4 Rc6 58. Ke5 Rc5+ 59. Kd4 Rc6 60. Re4 Rxd6+ 61. Kc4 Rc6+ 62. Kb5 Rc8
63. Rd4 Rb8+ 64. Kc6 Rc8+ 65. Kd6 Bg4 66. Ba4 Bxf5 67. Rf4 g6 68. Ke5 Kg7
69. Rd4 Ra8 70. Bb3 Ra7 71. Kd6 Rd7+ 0-1

[Event "World Blitz 2023"]
[Site "Samarkand UZB"]
[Date "2023.12.30"]
[Round "21.15"]
[White "Fedoseev, Vladimir"]
[Black "Ter-Sahakyan, Samvel"]
[Result "0-1"]
[WhiteElo "2719"]
[BlackElo "2556"]
[EventDate "2023.12.29"]

1. Nf3 d5 2. e3 Nf6 3. c4 e6 4. Nc3 Bd6 5. b3 O-O 6. Bb2 Re8 7. Nb5 Be7 8.
Be5 Na6 9. Be2 c6 10. Nc3 Nc5 11. O-O Ncd7 12. Bf4 Nh5 13. Bg5 Bxg5 14.
Nxg5 Qxg5 15. Bxh5 Nf6 16. Be2 d4 17. exd4 Rd8 18. f4 Qh6 19. g4 Qg6 20. g5
Rxd4 21. Kh1 Ne4 22. Bh5 Qf5 23. Bg4 Nxc3 24. dxc3 Rxd1 25. Raxd1 Qa5 26.
b4 Qc7 27. c5 a5 28. Rd6 Kf8 29. a3 axb4 30. axb4 g6 31. Rfd1 Ke7 32. Kg2
e5 33. Bf3 Ra2+ 34. Kg3 exf4+ 35. Kxf4 Be6 36. h4 Ra3 37. Rd3 b6 38. Ke3
bxc5 39. bxc5 Qa5 40. Rxc6 Rxc3 41. Be4 Rxd3+ 42. Kxd3 Bf5 43. Bxf5 Qb5+
44. Kd4 0-1

[Event "World Blitz 2023"]
[Site "Samarkand UZB"]
[Date "2023.12.30"]
[Round "21.16"]
[White "Ruck, Robert"]
[Black "Korobov, Anton"]
[Result "0-1"]
[WhiteElo "2561"]
[BlackElo "2649"]
[EventDate "2023.12.29"]

1. Nf3 d5 2. d4 Nf6 3. c4 c6 4. Nc3 e6 5. Bg5 h6 6. Bxf6 Qxf6 7. e3 Nd7 8.
Bd3 g6 9. O-O Bg7 10. cxd5 exd5 11. b4 a6 12. Rc1 O-O 13. Na4 Re8 14. Qd2
Bf8 15. Nc5 Bd6 16. Rfe1 b6 17. Nxd7 Bxd7 18. Rb1 h5 19. Rf1 h4 20. Ne1 Bc7
21. Be2 a5 22. b5 Qd6 23. g3 c5 24. dxc5 bxc5 25. Ng2 hxg3 26. hxg3 Rad8
27. Bf3 Bf5 28. Rbc1 Qe7 29. Rfd1 d4 30. exd4 Rxd4 31. Qc3 Be5 32. Qxc5
Rxd1+ 33. Bxd1 Qf6 34. Qc6 Re6 35. Qa8+ Kg7 36. Bf3 g5 37. Ne3 Bd4 38.
Nxf5+ Qxf5 39. Qd5 Qxd5 40. Bxd5 Re2 41. Rc4 Rd2 42. Kf1 Bxf2 43. g4 Rxd5
44. Kxf2 Rxb5 45. Kf3 Kf6 46. Rc6+ Ke5 47. Ra6 Kd4 48. Ra7 f5 49. gxf5
Rxf5+ 50. Kg4 Rc5 51. a4 Kc3 52. Rb7 Rc4+ 53. Kxg5 Rxa4 54. Kf5 Rc4 55. Ke5
a4 56. Ra7 Kb3 57. Rb7+ Rb4 58. Ra7 a3 59. Kd5 a2 0-1

[Event "World Blitz 2023"]
[Site "Samarkand UZB"]
[Date "2023.12.30"]
[Round "21.18"]
[White "Cheparinov, Ivan"]
[Black "Grebnev, Aleksey"]
[Result "1/2-1/2"]
[WhiteElo "2613"]
[BlackElo "2404"]
[EventDate "2023.12.29"]

1. e4 c5 2. Nf3 Nc6 3. Bb5 e5 4. O-O Bd6 5. d4 cxd4 6. c3 a6 7. Bxc6 dxc6
8. cxd4 Bg4 9. dxe5 Bc7 10. Bf4 Ne7 11. Nbd2 Ng6 12. Bg3 Nxe5 13. Qb3 Nxf3+
14. Nxf3 Bxg3 15. hxg3 Bxf3 16. gxf3 Qe7 17. Rad1 O-O 18. Rd3 Rad8 19. Rfd1
Rxd3 20. Rxd3 h6 21. Qd1 Qf6 22. Qd2 c5 23. Kg2 c4 24. Rd5 Rc8 25. e5 Qc6
26. Qd4 b5 27. Rd6 Qb7 28. Rd7 Qc6 29. Rd6 Qb7 30. Rb6 Qc7 31. Rxa6 b4 32.
Ra7 Qc6 33. Qd7 Qxd7 34. Rxd7 c3 35. bxc3 bxc3 36. Rd1 Ra8 37. Rc1 Rxa2 38.
Rxc3 g6 39. f4 h5 40. Kf3 Ra4 41. Rc6 Ra3+ 42. Kg2 Ra4 43. Rf6 Re4 44. Kf3
Re1 45. f5 Kg7 46. fxg6 fxg6 47. Kf4 Kh6 48. Rd6 Re2 49. f3 Kg7 50. Re6 Kf7
51. Rf6+ Kg7 52. Rd6 Re1 53. Rd7+ Kh6 54. Rd4 Kg7 55. Re4 Rg1 56. e6 Kf8
57. e7+ Ke8 58. Re6 g5+ 59. Kxg5 Rxg3+ 60. Kf4 h4 61. Re3 Rg7 62. Re2 Rxe7
63. Rxe7+ 1/2-1/2

[Event "World Blitz 2023"]
[Site "Samarkand UZB"]
[Date "2023.12.30"]
[Round "21.19"]
[White "Ponkratov, Pavel"]
[Black "Terry, Renato"]
[Result "1-0"]
[WhiteElo "2547"]
[BlackElo "2578"]
[EventDate "2023.12.29"]

1. c4 b6 2. e4 Bb7 3. Nc3 e6 4. d4 Bb4 5. Bd3 f5 6. f3 Nh6 7. Nh3 Qh4+ 8.
Nf2 Nc6 9. a3 Bxc3+ 10. bxc3 O-O 11. O-O Na5 12. Qe2 f4 13. Rb1 Rf6 14. e5
Rf7 15. Ne4 Ba6 16. g3 fxg3 17. hxg3 Qe7 18. Bxh6 gxh6 19. Kg2 Raf8 20. Rf2
d5 21. cxd5 Bxd3 22. Qxd3 exd5 23. Nf6+ Rxf6 24. exf6 Qxf6 25. Re1 Nc4 26.
Rfe2 Nd6 27. Re6 Qg7 28. Re7 Rf7 29. Rxf7 Qxf7 30. Qe3 Qg6 31. Qe6+ Kg7 32.
Qxg6+ Kxg6 33. a4 Kf6 34. g4 a5 35. Kg3 c6 36. Kf4 b5 37. axb5 cxb5 38. Rh1
Kg6 39. Ke5 Nc4+ 40. Kxd5 Nd2 41. f4 b4 42. cxb4 axb4 43. Rh2 Nf1 44. Re2
h5 45. gxh5+ Kxh5 46. Kc5 b3 47. d5 Ng3 48. Rb2 Ne4+ 49. Kc6 Kg4 50. Rxb3
h5 51. Rb4 Nf6 52. d6 h4 53. f5+ Kg5 54. d7 Nxd7 55. Kxd7 h3 56. Ke6 1-0

[Event "World Blitz 2023"]
[Site "Samarkand UZB"]
[Date "2023.12.30"]
[Round "21.20"]
[White "Tari, Aryan"]
[Black "Kovalev, Vladislav"]
[Result "1/2-1/2"]
[WhiteElo "2577"]
[BlackElo "2539"]
[EventDate "2023.12.29"]

1. e4 e5 2. Nf3 Nc6 3. d4 exd4 4. Nxd4 Nf6 5. Nxc6 bxc6 6. Nd2 d5 7. exd5
cxd5 8. Bb5+ Bd7 9. Bxd7+ Qxd7 10. O-O Be7 11. b3 O-O 12. Bb2 a5 13. a4 Ra6
14. Qf3 Re6 15. Rad1 c6 16. Nc4 Qc7 17. Ne3 Ne4 18. c4 dxc4 19. Nxc4 Bf6
20. Bxf6 Nxf6 21. Qc3 Ra8 22. Ne3 g6 23. Rd4 Qe5 24. Qd3 Kg7 25. Rc4 Rb8
26. Rfc1 Nd5 27. Rc5 Qb2 28. Nxd5 cxd5 29. R5c3 Rxb3 30. Qd4+ Rf6 31. g4
Rxc3 32. Rxc3 Qb4 33. Qxb4 axb4 34. Rc5 Ra6 35. a5 d4 36. Kf1 b3 37. Ke2 b2
38. Rb5 Rxa5 39. Rxb2 h5 40. Rb4 Ra2+ 41. Ke1 d3 42. gxh5 gxh5 43. Rd4 Re2+
44. Kf1 Rd2 45. Ke1 Re2+ 46. Kf1 Rd2 1/2-1/2

[Event "World Blitz 2023"]
[Site "Samarkand UZB"]
[Date "2023.12.30"]
[Round "21.21"]
[White "Vakhidov, Jakhongir"]
[Black "Kosakowski, Jakub"]
[Result "1/2-1/2"]
[WhiteElo "2574"]
[BlackElo "2485"]
[EventDate "2023.12.29"]

1. c4 e5 2. Nc3 Bb4 3. Nd5 Be7 4. Nf3 d6 5. g3 c6 6. Nxe7 Qxe7 7. Bg2 Nf6
8. O-O O-O 9. b3 e4 10. Nd4 Qe5 11. e3 c5 12. Nc2 Bg4 13. f3 exf3 14. Bxf3
Bxf3 15. Qxf3 Nc6 16. Rb1 Qe4 17. Qxe4 Nxe4 18. Rd1 Ne5 19. Ne1 Rae8 20.
Bb2 f5 21. Kg2 g5 22. d3 Nf6 23. Nc2 f4 24. Bxe5 Rxe5 25. e4 fxg3 26. hxg3
Ng4 27. Rf1 Ree8 28. Rxf8+ Rxf8 29. Rf1 Rxf1 30. Kxf1 Kg7 31. Ke2 Kf6 32.
d4 cxd4 33. Nxd4 a6 34. Nf3 h5 35. b4 Ne5 36. Nd2 h4 37. gxh4 gxh4 38. a3
h3 39. Kf2 h2 40. Kg2 Ng4 41. c5 dxc5 42. bxc5 Ke5 43. Nc4+ Kxe4 44. Nd6+
Kd5 45. Nxb7 Kc6 46. Na5+ Kxc5 47. Nb7+ Kd5 48. Na5 Kc5 49. Nb7+ Kb5 50.
Kh1 Nf6 51. Nd6+ Ka4 52. Kxh2 Kxa3 53. Kg2 Kb4 54. Nb7 Ne4 55. Kf3 Nf6 56.
Ke2 Ne8 57. Kd2 Kb5 58. Kc3 Kb6 59. Nd8 Nc7 60. Nf7 Nb5+ 61. Kb2 Kc5 62.
Ne5 a5 63. Nd3+ Kc4 64. Ne5+ Kd5 65. Nd3 a4 66. Nb4+ Kc4 67. Nc2 a3+
1/2-1/2

[Event "World Blitz 2023"]
[Site "Samarkand UZB"]
[Date "2023.12.30"]
[Round "21.22"]
[White "Christiansen, Johan-Sebastian"]
[Black "Sjugirov, Sanan"]
[Result "1-0"]
[WhiteElo "2541"]
[BlackElo "2569"]
[EventDate "2023.12.29"]

1. e4 e5 2. Nf3 Nc6 3. d4 exd4 4. Nxd4 Nf6 5. Nxc6 bxc6 6. Nd2 d6 7. Bd3 g6
8. O-O Bg7 9. f4 O-O 10. Nf3 Nd7 11. c3 Re8 12. Re1 Rb8 13. Bc2 Ba6 14. h3
Nc5 15. Rb1 d5 16. e5 Ne4 17. Be3 c5 18. Ba4 Bb5 19. Bxb5 Rxb5 20. Qa4 c6
21. c4 Rb4 22. Qxc6 Rxc4 23. Red1 Rc2 24. Rxd5 Qa8 25. Qxa8 Rxa8 26. Nd2
Ng3 27. Nf1 Ne2+ 28. Kh2 c4 29. Rd2 Rxd2 30. Nxd2 c3 31. bxc3 Nxc3 32. Rb7
Nxa2 33. Ne4 a5 34. Bd2 Bf8 35. Nf6+ Kg7 36. Ne4 Kg8 37. Nf6+ Kg7 38. g4 a4
39. g5 Ra6 40. Rb2 Nb4 41. Bxb4 Bxb4 42. Rxb4 1-0

[Event "World Blitz 2023"]
[Site "Samarkand UZB"]
[Date "2023.12.30"]
[Round "21.23"]
[White "Suyarov, Mukhammadzokhid"]
[Black "Dardha, Daniel"]
[Result "0-1"]
[WhiteElo "2449"]
[BlackElo "2568"]
[EventDate "2023.12.29"]

1. e4 c5 2. Nf3 d6 3. Bb5+ Bd7 4. Bxd7+ Nxd7 5. O-O Ngf6 6. Re1 e6 7. c3
Be7 8. Qe2 O-O 9. d4 a6 10. a4 d5 11. e5 Ne4 12. Nbd2 Nxd2 13. Bxd2 Re8 14.
Bf4 Qc7 15. h4 Qc6 16. h5 b5 17. h6 g6 18. a5 b4 19. Bg5 Bf8 20. Nh2 Qb5
21. Qf3 Rec8 22. Rec1 cxd4 23. cxd4 Rc4 24. Rxc4 Qxc4 25. Be3 Rc8 26. Rc1
Qxc1+ 27. Bxc1 Rxc1+ 28. Nf1 Bxh6 29. Qb3 Rc4 30. Qa4 Nf8 31. g3 Bc1 32. b3
Rxd4 33. Qc6 Bb2 34. Qxa6 Re4 35. Qb7 Bd4 36. a6 Re2 37. a7 Bxf2+ 38. Kh1
Bxa7 39. Qxa7 Rxe5 40. Ne3 h5 41. Kg2 Re4 42. Kf3 Nh7 43. Qe7 Kg7 44. Nc2
Rg4 45. Ne3 Re4 46. Kf2 Nf6 47. Ng2 Ng4+ 48. Kf1 Ne5 49. Nf4 Ng4 50. Qb7 h4
51. Kg2 Ne3+ 52. Kf3 hxg3 53. Kxg3 Nf5+ 54. Kf3 Nd4+ 55. Kg3 Nxb3 56. Nh3
Nd4 57. Ng5 Nf5+ 58. Kf2 Rf4+ 59. Ke1 Nd4 60. Qc7 Rf5 61. Nh3 b3 62. Qc3 e5
63. Nf2 Rf3 64. Nd3 b2 65. Qxb2 Rxd3 66. Qb8 Re3+ 67. Kd2 Re4 68. Qa8 Ne6
69. Kc3 Rc4+ 70. Kb3 Nc5+ 71. Kb2 Nd3+ 72. Kb3 Nf4 73. Qb8 Kf6 74. Qd6+ Kf5
75. Qd7+ Ke4 76. Qxf7 Rc6 77. Qe8 Rb6+ 78. Kc3 d4+ 79. Kc4 Ke3 80. Qxe5+
Kf3 81. Qxd4 Rc6+ 82. Kb5 Re6 83. Qc3+ Re3 84. Qc6+ Kg3 85. Kc4 g5 86. Kd4
Re6 87. Qc3+ Kg4 88. Qc8 Kh4 89. Qh8+ Kg3 90. Qh7 g4 91. Qg7 Re2 92. Qg8
Kf3 93. Qa8+ Kf2 94. Qf8 Kg3 95. Qb8 Re6 96. Qc7 Kf3 97. Qb7+ Kf2 98. Qb8
Ne2+ 99. Kd5 Re3 100. Qf8+ Kg2 101. Qc5 Nf4+ 102. Kd6 Rd3+ 103. Ke5 Rd5+
0-1

[Event "World Blitz 2023"]
[Site "Samarkand UZB"]
[Date "2023.12.30"]
[Round "21.24"]
[White "Aditya, Mittal"]
[Black "Pranav, V"]
[Result "1-0"]
[WhiteElo "2425"]
[BlackElo "2562"]
[EventDate "2023.12.29"]

1. d4 Nf6 2. c4 e6 3. Nf3 Bb4+ 4. Bd2 a5 5. a3 Be7 6. Nc3 d5 7. Bf4 O-O 8.
e3 b6 9. cxd5 exd5 10. Bd3 Bb7 11. h3 c5 12. O-O Nc6 13. Ne5 cxd4 14. Nxc6
Bxc6 15. exd4 Re8 16. Re1 Qd7 17. Qf3 b5 18. Be5 b4 19. axb4 axb4 20. Bf5
Rxa1 21. Rxa1 Qd8 22. Ne2 Ne4 23. Ra7 g6 24. Bc7 Ng5 25. Qd3 Qa8 26. Rxa8
Rxa8 27. h4 Ra1+ 28. Kh2 Ra7 29. Be5 f6 30. hxg5 fxe5 31. Bxg6 e4 32. Qh3
Bd6+ 33. g3 Re7 34. Bf5 1-0

[Event "World Blitz 2023"]
[Site "Samarkand UZB"]
[Date "2023.12.30"]
[Round "21.25"]
[White "Gurel, Ediz"]
[Black "Fressinet, Laurent"]
[Result "0-1"]
[WhiteElo "2359"]
[BlackElo "2636"]
[EventDate "2023.12.29"]

1. e4 e5 2. Nf3 Nc6 3. Bb5 Nf6 4. O-O Nxe4 5. Re1 Nd6 6. Nxe5 Be7 7. Bf1
Nf5 8. Nf3 d5 9. d4 O-O 10. c3 Bd6 11. g3 Nce7 12. Bd3 Ng6 13. Nbd2 c6 14.
Nf1 h6 15. Qc2 Qf6 16. Kg2 Bd7 17. Bd2 b6 18. Ne3 Nxe3+ 19. Rxe3 c5 20. Rf1
c4 21. Bxg6 fxg6 22. Ne5 Bf5 23. Qd1 Rae8 24. f3 g5 25. b3 Bxe5 26. dxe5
Rxe5 27. Rxe5 Qxe5 28. Re1 Qf6 29. Qe2 g4 30. fxg4 Be4+ 31. Kg1 b5 32. Rf1
Qb6+ 33. Qe3 Rxf1+ 34. Kxf1 Qa6 35. bxc4 bxc4 36. g5 h5 37. Qd4 Qxa2 38. h4
Qb1+ 39. Kf2 Qh1 40. Bf4 Qg2+ 41. Ke1 Bd3 42. Qe5 Qe4+ 43. Qxe4 dxe4 44.
Kd2 Kf7 45. Bb8 a5 46. Bc7 a4 47. Bd6 g6 48. Ke3 Ke6 49. Ba3 Kf5 50. Bb4
Kg4 51. Bd6 a3 52. Bxa3 Kxg3 53. Bd6+ Kxh4 54. Kf4 Kh3 55. Bc5 Kg2 56. Ke5
h4 57. Kf6 h3 0-1

[Event "World Blitz 2023"]
[Site "Samarkand UZB"]
[Date "2023.12.30"]
[Round "21.26"]
[White "Isanzhulov, Arystan"]
[Black "Quparadze, Giga"]
[Result "1-0"]
[WhiteElo "2431"]
[BlackElo "2617"]
[EventDate "2023.12.29"]

1. e4 c5 2. Nf3 e6 3. g3 Nc6 4. Bg2 Nf6 5. Qe2 e5 6. O-O Be7 7. c3 O-O 8.
Rd1 Re8 9. d4 exd4 10. cxd4 cxd4 11. Nxd4 Nxd4 12. Rxd4 d5 13. Nc3 Bc5 14.
Rd1 Bg4 15. Bf3 h5 16. Bg5 d4 17. Bxg4 hxg4 18. e5 Qc8 19. Na4 Nh7 20. Bf4
Bf8 21. Rxd4 Qf5 22. Qe4 Qe6 23. Qxb7 g5 24. Be3 Qxe5 25. Rxg4 Bg7 26. Qf3
Rad8 27. Rf1 f5 28. Rc4 Rf8 29. b3 f4 30. gxf4 Qf5 31. Qe4 Qf6 32. Rc6 Qf7
33. fxg5 Qh5 34. Rc4 Nxg5 35. Bxg5 Qxg5+ 36. Qg4 Qf6 37. Re4 Rf7 38. Kh1
Qc6 39. Qg2 Rdf8 40. Rg4 Qh6 41. Nc3 Kh8 42. Ne4 Be5 43. Rg5 Bf4 44. Rg6
Qh7 45. Rg1 a5 46. Rg4 Rf5 47. a3 Bxh2 48. Rg7 Rh5 49. Rxh7+ Rxh7 50. Qxh2
Rxh2+ 51. Kxh2 Rf4 52. Re1 1-0

[Event "World Blitz 2023"]
[Site "Samarkand UZB"]
[Date "2023.12.30"]
[Round "21.27"]
[White "Madaminov, Mukhiddin"]
[Black "Gareyev, Timur"]
[Result "1-0"]
[WhiteElo "2460"]
[BlackElo "2569"]
[EventDate "2023.12.29"]

1. e4 e5 2. Nf3 Nc6 3. Bb5 a6 4. Ba4 d6 5. O-O Bd7 6. c3 g5 7. d4 g4 8. Ne1
h5 9. Be3 Bh6 10. Qe2 Nge7 11. Nd2 Ng6 12. Nd3 Qf6 13. Bxc6 Bxc6 14. f3 Bf4
15. Qf2 Bxe3 16. Qxe3 Qh4 17. f4 exd4 18. cxd4 O-O-O 19. f5 Ne7 20. f6 Nd5
21. exd5 Bxd5 22. g3 1-0

[Event "World Blitz 2023"]
[Site "Samarkand UZB"]
[Date "2023.12.30"]
[Round "21.28"]
[White "Haldorsen, Benjamin"]
[Black "Paravyan, David"]
[Result "0-1"]
[WhiteElo "2405"]
[BlackElo "2566"]
[EventDate "2023.12.29"]

1. e4 e5 2. Bc4 Nf6 3. d3 c6 4. Bb3 d5 5. Nf3 Bd6 6. Bg5 Nbd7 7. Nbd2 h6 8.
Bh4 a5 9. a4 Qc7 10. O-O dxe4 11. dxe4 Nc5 12. Bxf6 gxf6 13. Nc4 Be7 14.
Re1 Be6 15. Nh4 h5 16. h3 Rg8 17. Qf3 O-O-O 18. Nf5 Nxb3 19. cxb3 Bc5 20.
Rad1 Bd4 21. g3 h4 22. g4 Kb8 23. Rd3 Bc5 24. Red1 Rxd3 25. Rxd3 Rd8 26.
Nxh4 b5 27. axb5 cxb5 28. Na3 b4 29. Nc4 a4 30. Qe2 Rxd3 31. Qxd3 axb3 32.
Ne3 Bd4 33. Qb5+ Qb7 34. Qe8+ Ka7 35. Qa4+ Kb8 36. Qe8+ Bc8 37. Nc4 Qa6 38.
Qxf7 Qe6 39. Qxe6 Bxe6 40. Na5 Bxb2 41. Nf5 Bc3 42. Nxb3 Bxb3 43. Ne3 Be6
44. h4 b3 45. Nd1 Bd4 46. h5 b2 47. Nxb2 Bxb2 48. h6 Bg8 49. Kg2 Bc1 0-1

[Event "World Blitz 2023"]
[Site "Samarkand UZB"]
[Date "2023.12.30"]
[Round "21.29"]
[White "Nigmatov, Ortik"]
[Black "Moiseenko, Alexander"]
[Result "1/2-1/2"]
[WhiteElo "2382"]
[BlackElo "2556"]
[EventDate "2023.12.29"]

1. e4 c5 2. Nf3 Nc6 3. d4 cxd4 4. Nxd4 e5 5. Nxc6 bxc6 6. Nc3 Nf6 7. Bc4
Bb4 8. O-O O-O 9. Bg5 h6 10. Bh4 d6 11. Qd3 g5 12. Bg3 Bxc3 13. bxc3 Qe7
14. Rfd1 Rd8 15. Rab1 Be6 16. a4 Bxc4 17. Qxc4 Rac8 18. Qe2 Rb8 19. Qc4 Qe6
20. Rxb8 Qxc4 21. Rxd8+ Kh7 22. R8xd6 Nxe4 23. Rd7 Nxc3 24. Re1 Ne2+ 25.
Kh1 Qc3 26. Rf1 Kg6 27. Rxa7 f6 28. a5 h5 29. h3 h4 30. Bh2 g4 31. hxg4 h3
32. f3 Qc4 33. Rf2 Qd4 34. Rxe2 Qd1+ 35. Bg1 Qxe2 36. gxh3 Qxf3+ 37. Kh2
Qf4+ 38. Kg2 Qe4+ 39. Kg3 Qe1+ 40. Bf2 Qc3+ 41. Kg2 Qxc2 42. a6 Qe4+ 43.
Kg1 Qb1+ 44. Kh2 Qf1 45. Bg1 Qe2+ 46. Kh1 Qf3+ 47. Kh2 Qf4+ 48. Kg2 Qe4+
49. Kh2 Qe2+ 50. Kh1 Qf3+ 51. Kh2 Qf4+ 52. Kg2 e4 53. Ra8 Qf3+ 54. Kh2 Qf4+
55. Kg2 Qf3+ 56. Kh2 Qf4+ 57. Kg2 Qf3+ 58. Kh2 Qe2+ 59. Kh1 Qf3+ 60. Kh2
Qf4+ 61. Kg2 Qf3+ 62. Kh2 Qe2+ 63. Kh1 Qf3+ 64. Kh2 Qf4+ 65. Kg2 e3 66. a7
Qe4+ 67. Kh2 Qe5+ 68. Kg2 Qe4+ 69. Kh2 Qe5+ 70. Kg2 Qe4+ 71. Kh2 Qe5+ 72.
Kg2 1/2-1/2

[Event "World Blitz 2023"]
[Site "Samarkand UZB"]
[Date "2023.12.30"]
[Round "21.30"]
[White "Saydaliev, Saidakbar"]
[Black "Ivic, Velimir"]
[Result "0-1"]
[WhiteElo "2323"]
[BlackElo "2542"]
[EventDate "2023.12.29"]

1. e4 c5 2. Nf3 d6 3. d4 cxd4 4. Nxd4 Nf6 5. Nc3 a6 6. a3 Nc6 7. Bc4 e6 8.
O-O Be7 9. Ba2 Bd7 10. Be3 O-O 11. Kh1 Rc8 12. f4 Nxd4 13. Qxd4 Qc7 14.
Rad1 e5 15. Qd3 Bg4 16. Rd2 Be6 17. Nd5 Bxd5 18. Bxd5 Nxd5 19. Qxd5 Qc4 20.
Rff2 Qxd5 21. Rxd5 Rc4 22. Bb6 Rxe4 23. g3 Rc8 24. c3 f6 25. fxe5 Rxe5 26.
Rd3 Kf7 27. Kg2 Ke6 28. Bd4 Re4 29. Kf3 d5 30. Rfd2 Rd8 31. Bb6 Rd7 32. b3
f5 33. c4 d4 34. Bxd4 Bxa3 35. Be3 Rxd3 36. Rxd3 Bd6 37. Bf4 Be7 38. Bc7 g5
39. h3 h5 40. Bd8 g4+ 41. hxg4 hxg4+ 42. Kf2 Bc5+ 43. Kf1 Re3 44. Rxe3+
Bxe3 45. Ke2 Bc5 46. Bg5 Ke5 47. Kd3 Bd6 48. Be3 Ke6 49. Bf2 Be5 50. Be1
Kd6 51. Bf2 Kc6 52. Kc2 b5 53. Kd3 Bd6 54. Be1 Bc5 55. Bd2 Kd6 56. Bf4+ Ke6
57. Bd2 Bf2 58. Bf4 Be1 59. cxb5 axb5 60. Kd4 Bf2+ 61. Kc3 Kd5 62. Kd3 Be1
63. Ke2 Bb4 64. Be3 Bd6 65. Bf2 Ke4 66. Be1 Kd4 67. Bf2+ Kc3 0-1

[Event "World Blitz 2023"]
[Site "Samarkand UZB"]
[Date "2023.12.30"]
[Round "21.31"]
[White "Petrov, Nikita"]
[Black "Omonov, Asrorjon"]
[Result "1/2-1/2"]
[WhiteElo "2521"]
[BlackElo "2069"]
[EventDate "2023.12.29"]

1. d4 Nf6 2. Nf3 e6 3. Bg5 Be7 4. Nbd2 c5 5. e3 b6 6. Bd3 Bb7 7. c3 d6 8.
O-O Nbd7 9. e4 cxd4 10. cxd4 O-O 11. Qe2 h6 12. Bf4 Nh5 13. Be3 e5 14. Ba6
Bxa6 15. Qxa6 Nhf6 16. h3 Qc8 17. Qa4 Qb7 18. d5 Nc5 19. Bxc5 bxc5 20. Qc2
Nd7 21. Nc4 f5 22. Na5 Qc7 23. Nc6 Nb8 24. Nxb8 Raxb8 25. exf5 Qb7 26. Qe4
Qxb2 27. Rfb1 Qc3 28. Rc1 Qa3 29. Rcb1 Qc3 30. Rc1 Qa3 31. Rcb1 Qc3 32. Rc1
Qa3 1/2-1/2

[Event "World Blitz 2023"]
[Site "Samarkand UZB"]
[Date "2023.12.30"]
[Round "21.32"]
[White "Orozbaev, Eldiar"]
[Black "Kezin, Roman"]
[Result "1-0"]
[WhiteElo "2236"]
[BlackElo "2492"]
[EventDate "2023.12.29"]

1. e4 c5 2. c3 Nf6 3. e5 Nd5 4. d4 cxd4 5. Nf3 Nc6 6. cxd4 d6 7. Bc4 Nb6 8.
Bb5 Bd7 9. Nc3 dxe5 10. Nxe5 Nxe5 11. dxe5 Bxb5 12. Nxb5 Qxd1+ 13. Kxd1
O-O-O+ 14. Ke2 a6 15. Be3 Nd5 16. Rac1+ Kb8 17. Ba7+ Ka8 18. Rhd1 axb5 19.
Bb6 Nxb6 20. Rxd8+ Ka7 21. Rc3 Nc4 22. b3 Nxe5 23. Rcc8 Ng6 24. Rc7 Kb6 25.
Rdd7 f6 26. Rxb7+ Kc6 27. Rdc7+ Kd6 28. Rc8 h5 29. a4 bxa4 30. bxa4 h4 31.
a5 Rh5 32. a6 Re5+ 33. Kd1 Ra5 34. a7 e5 35. a8=Q Rxa8 36. Rxa8 Be7 37. Rg8
Nf4 38. Rxg7 Bf8 39. Rh7 Ke6 40. Rxh4 Nxg2 41. Ra4 Bc5 42. Ke2 Nf4+ 43.
Rxf4 exf4 44. Kf3 Ba3 45. h4 1-0

[Event "World Blitz 2023"]
[Site "Samarkand UZB"]
[Date "2023.12.30"]
[Round "21.33"]
[White "Abdurakhmonov, Mukhammadali"]
[Black "Iljiushenok, Ilia"]
[Result "1-0"]
[WhiteElo "2214"]
[BlackElo "2479"]
[EventDate "2023.12.29"]

1. d4 Nf6 2. Bg5 Ne4 3. h4 c5 4. d5 h6 5. Bf4 Qb6 6. Bc1 e6 7. Nh3 Bd6 8.
e3 O-O 9. Na3 exd5 10. Qxd5 Qc6 11. Qxc6 dxc6 12. Nc4 Bc7 13. Nd2 Nf6 14.
Nf3 Nbd7 15. Bd2 Re8 16. O-O-O b5 17. Be1 a5 18. Nf4 a4 19. a3 Nb6 20. Nd3
c4 21. Nf4 c5 22. Nd2 Bb7 23. Nb1 Bc6 24. Ne2 Nfd5 25. h5 b4 26. c3 Rab8
27. Rh4 Be5 28. e4 Bf6 29. exd5 Bxh4 30. dxc6 b3 31. g3 Bf6 32. Nf4 Bg5 33.
Nd2 Bxf4 34. gxf4 Nd5 35. Nxc4 Nxf4 36. Nd6 Re7 37. Bd2 Nxh5 38. Ba6 Rc7
39. Bb7 g5 40. Be3 Nf6 41. Bxc5 Nd7 42. cxd7 Rxc5 43. Nc8 1-0